Central Library and Information Centre
Sibsagar Girls' College, Sivasagar : Assam

FROM MY DEATH CELL (Record no. 6228)

MARC details
000 -LEADER
fixed length control field 00425cam a2200181ua 4500
008 - FIXED-LENGTH DATA ELEMENTS--GENERAL INFORMATION
fixed length control field 060101n1979 II |||gr||||Z||||||eng
040 ## - CATALOGING SOURCE
Original cataloging agency MAIN
041 ## - LANGUAGE CODE
-- English
082 ## - DEWEY DECIMAL CLASSIFICATION NUMBER
Classification number 920 BHU
100 ## - MAIN ENTRY--PERSONAL NAME
Personal name BHUTTO , ZULFIKUR ALI .
245 ## - TITLE STATEMENT
Title FROM MY DEATH CELL
250 ## - EDITION STATEMENT
Edition statement 1ST.
260 ## - PUBLICATION, DISTRIBUTION, ETC.
Place of publication, distribution, etc. NEW DELHI
Name of publisher, distributor, etc. ORIENT PAPERBACK
Date of publication, distribution, etc. 1979
300 ## - PHYSICAL DESCRIPTION
Extent 248.
942 ## - ADDED ENTRY ELEMENTS (KOHA)
Koha item type Books
653 ## - INDEX TERM--UNCONTROLLED
Uncontrolled term Biography, genealogy & insignia
Holdings
Withdrawn status Lost status Damaged status Not for loan Collection code Home library Current library Shelving location Date acquired Full call number Barcode Date last seen Copy number Price effective from Koha item type
        General Reference Central Library and Information Centre Sibsagar Girls College Central Library and Information Centre Sibsagar Girls College Biography 27.03.1980 920 BHU 05626 27.02.2020 1 27.02.2020 Books


Sibsagar Girl's College © 2020. All rights reserved.
Powered by Koha.
Maintained by Abhijit Borpuzari.